000 00297nam a2200121Ia 4500
005 20251222142027.0
008 251222s9999||||xx |||||||||||||| ||spa||
082 _a868.31/C17G
100 _aCalderón de la Barca, Pedro
245 0 _aEl Gran Teatro del Mundo
264 _bLos Andes
942 _cLIB
999 _c10832
_d10832